Кн. 2. Психология образования; Психология

Bibliografiset tiedot
Parent link:Психология: В 3 кн./ Р. С. Немов. Кн. 2. Психология образования.— 3-е изд..— , 1997-
Kieli:venäjä
Julkaistu: 1998
Aiheet:
Aineistotyyppi: MixedMaterials Kirja
KOHA link:https://koha.lib.tpu.ru/cgi-bin/koha/opac-detail.pl?biblionumber=10042

MARC

LEADER 00000nam2a2200000 4500
001 10042
005 20231030182739.0
010 |a 5691002333 
035 |a (RuTPU)RU\TPU\book\10100 
035 |a BOOK00010163 
090 |a 10042 
100 |a 20011209d1998 m y0rusy50 ca 
101 0 |a rus 
102 |a RU 
105 |a y j 000zy 
200 0 |a Кн. 2. Психология образования 
210 |d 1998 
215 |a 608 с. 
451 1 |0 (RuTPU)RU\TPU\book\13556  |y 5691002333  |t Кн. 2. Психология образования  |e 3-е изд.  |d 1999  |d 1995  |p 606 с. 
451 1 |0 (RuTPU)RU\TPU\book\662  |y 5-09-007335-X  |t Кн. 2. Психология образования  |e 2-е изд.  |p 496 с. 
461 1 |0 (RuTPU)RU\TPU\book\67674  |t Психология  |o В 3 кн.  |f Р. С. Немов  |v Кн. 2. Психология образования  |e 3-е изд.  |d 1997- 
610 1 |a психология 
610 1 |a учебные пособия 
686 |a Ю93я73  |v LBC/SL-A  |2 rubbk 
686 |a Ю98я73  |v LBC/SL-A  |2 rubbk 
801 0 |a RU  |b 63413507  |c 20011209  |g PSBO 
801 2 |a RU  |b 63413507  |c 20170410  |g PSBO 
900 |a Психология 
942 |c BK